Aprender ortografía 6 /

Guardado en:
Autor Principal: Solari, Nora
Formato: Libro
Publicado: Buenos Aires : Aique, 2000
Materias:
Etiquetas: Agregar Etiqueta
Sin Etiquetas, Sea el primero en etiquetar este registro!
LEADER 00520nam a22001815a 4500
001 CEM.cems010846
005 20080314093602.0
008 130507s2000##################000#0#####d
003 CEMS
082 0 4 |a SG372.4 
100 1 |a Solari, Nora 
245 1 0 |a Aprender ortografía 6 /  |c Nora Solari 
260 |a Buenos Aires :  |b Aique,  |c 2000 
300 |a 83 p. 
653 |a Lengua 
653 |a Ortografía 
653 |a Biblioteca maría de los angeles saggio 
859 |a CEMS  |b BIB. CEMS - 11 de abril  |h SG372.4  |i So42  |p 21545.01  |t Ej.1  |v 6º  |3 6º